000
00350nam a2200133Ia 4500
008
151001s9999||||xx |||||||||||||| ||und||
100
_a
गुरवंतराय आचार्य
245
_a
सम्राट
250
_a
1
260
_b
अरुण प्रकाशन
260
_c
2001
300
_a
215
365
_b
21
999
_c
978935
_d
978932